000 00291nam a2200121Ia 4500
008 190216s9999||||xx |||||||||||||| ||und||
100 _aGupta & Kumar
245 0 _aStatistical Mechanics
260 _bGoel Pub House
_c1984
300 _a383p
650 _aChemistry-Chemistry
942 _cBK
999 _c2424
_d2424